000 00602nam a22002298a 4500
999 _c1942
_d1942
001 1942
003 BD-JhCC
005 20171026173526.0
008 880309r19861958xxua j 000 1 eng d
020 _a0628820052
035 _a(BD-JhCC)1942
040 _aBD-JhCC
_dBD-JhCC
041 _aeng
082 _a973.7
_219
_bBON 1986
100 1 _aBond, Michael.
245 1 2 _aA bear called Paddington /
_cby Michael Bond ; illustrated by Toni Goffe
260 _aNew York :
_bDavid Booth,
_c1986.
300 _a10 p. :
_c18 cm.
_bill. ;
650 _aPostal Service
942 _2ddc
_cBK